| 000 | 01066nam a2200253 a 4500 | ||
|---|---|---|---|
| 001 | 53185 | ||
| 003 | BD-RjUL | ||
| 005 | 20211209075925.0 | ||
| 008 | 161003s1963 ii ||||| |||| 00| 0 ben d | ||
| 020 | _c: IRs 10.00 | ||
| 035 | _a(BD-RjUL)53305 | ||
| 040 |
_aBD-RjUL _bben _cBD-RjUL |
||
| 041 | _aben | ||
| 082 |
_223 _a891.4409 _bBAS 1963 |
||
| 100 |
_a বন্দ্যোপাধ্যায়, কুমার _9135388 |
||
| 245 | 1 | 0 |
_aসমালোচনা-সাহিত্য / _cকুমার বন্দ্যোপাধ্যায় |
| 250 | _a৩য় সং. | ||
| 260 |
_aকলিকাতা : _bমুখার্জী কোঃ, _c১৯৬৩ [১৩৭০] |
||
| 300 |
_a৪৪৮ পৃ. ; _c২১ সেমি. |
||
| 650 |
_aবাংলা সাহিত্য _xইতিহাস ও সমালোচনা _9158986 |
||
| 650 |
_aBengali Literature _xHistory & Criticism _9158987 |
||
| 700 |
_aপাল, প্রফুল্লচন্দ্র, সম্পাদক _9158988 |
||
| 942 |
_2ddc _cBK _01 |
||
| 999 |
_c53185 _d53185 |
||